000 00671nam a22002417a 4500
001 BR9406451
003 BR-BrBNA
005 20230928094336.0
007 ta
008 230509b bl.||||| |||| 00| 0 por d
040 _aBR-BrBNA
_bpor
_cBiblioteca Nacional de Agricultura
041 _a(Por)
072 _aF40
_b0312
090 _ 0312 BR9406451
110 1 _aSocfinco do Brasil Ltda., Rio de Janeiro, RJ (Brasil). Inspetoria Geral de Financas
_99587
245 1 _aDende: ecologia
260 3 _aRio de Janeiro, RJ (Brasil):
_c1979.
300 _a18 p.
650 _aDende
650 _aEcologia Florestal
909 _a202309
_bLucia
_c55
_dLucia Elande
942 _cBK
999 _c50173
_d50173